01450 a2200229 45000010006000000050017000060080041000230030015000640400040000790800022001192450067001410200022002082500011002302640048002413000025002895050714003140410008010281000023010367000025010597000039010848560097011233295720260407155624.0260407a2010 arg spa dAR-UNSa-BCEJYS aAR-UNSa-BCEJYSbspacAR-UNSa-BCEJYS a316.46xLiderazgo10aLiderazgopteoría, aplicación y desarrollo de habiliadades a978-607-481-381-4 a4a. ed 1aMéxico :bCengage Learning Editoresc2010 axxvi, 525 p.c27 cm. aI: Los individuos como líderes : 1.¿ Quién es un lider? - 2. Rasgo del liderazgo y ética - 3. Comportamiento de liderazgo y motivación - 4. Influencia: poder, política, creación de redes y negociación - 5. Teorías de liderazgo por contingencias - II: Liderazgo de equipos : 6. Habilidades de comunicación, coaching y manejo de conflicto - 7. Relaciones entre líder y los seguidores - 8. Liderazgo de equipo y equipos autodirigidos - III: Liderazgo organizacional: 9. Liderazgo carismático y liderazgo transformacional - 10. Liderazgo de cultura, ética y diversidad -11. Liderazgo estratégico y administración del cambio - 12. Liderazgo de crisis y la organización que aprende -  aspa1 aLussier, Robert N.1 aAchua, Chistopher F.1 aTreviño Rosales, Magda Elizabeth41uhttps://biblioeco.unsa.edu.ar/pmb/images/libros/liderazgo.jpgyImagen de portadaqimage/jpeg